[Event "DVM U12 2024"]
[Site "Heidelberg GER"]
[Date "2024.12.30"]
[Round "7"]
[White "Xu, Yan"]
[Black "Meller, Nils"]
[Result "0-1"]
[Termination "normal"]
[Board "6.4"]
[WhiteElo "1268"]
[BlackElo "1024"]
[WhiteClock "00:32:41"]
[BlackClock "00:38:47"]
[WhiteTeam "SV Dresden-Striesen"]
[BlackTeam "SK Turm Schiefbahn 1931"]
[PlyCount "126"]
[WhiteFideId "34693424"]
[BlackFideId "34644962"]
[EventCountry "GER"]
[EventRounds "7"]
[EventType "team-swiss"]
[EventDate "2024.12.26"]

1. e4 {[%clk 01:30:54]} {[%emt 00:00:05]} e5 {[%clk 01:30:46]} {[%emt
00:00:14]} 2. f4 {[%clk 01:31:13]} {[%emt 00:00:12]} d5 {[%clk 01:27:06]}
{[%emt 00:04:07]} 3. Nf3 {[%clk 01:31:00]} {[%emt 00:00:45]} exf4 {[%clk
01:25:08]} {[%emt 00:02:28]} 4. exd5 {[%clk 01:30:52]} {[%emt 00:00:39]} Bd6
{[%clk 01:24:38]} {[%emt 00:00:57]} 5. d4 {[%clk 01:28:44]} {[%emt 00:02:41]}
Nf6 {[%clk 01:23:47]} {[%emt 00:01:19]} 6. c4 {[%clk 01:27:40]} {[%emt
00:01:36]} b6 {[%clk 01:19:24]} {[%emt 00:04:53]} 7. Nbd2 {[%clk 01:25:35]}
{[%emt 00:02:36]} O-O {[%clk 01:18:37]} {[%emt 00:01:16]} 8. Be2 {[%clk
01:24:30]} {[%emt 00:01:36]} Re8 {[%clk 01:15:07]} {[%emt 00:03:59]} 9. Nb3
{[%clk 01:23:38]} {[%emt 00:01:23]} Nbd7 {[%clk 01:14:03]} {[%emt 00:01:31]}
10. O-O {[%clk 01:22:34]} {[%emt 00:01:37]} Ba6 {[%clk 01:13:00]} {[%emt
00:01:30]} 11. Bd3 {[%clk 01:21:59]} {[%emt 00:01:08]} Ng4 {[%clk 01:11:36]}
{[%emt 00:01:50]} 12. Qc2 {[%clk 01:18:10]} {[%emt 00:04:20]} Ne3 {[%clk
01:08:38]} {[%emt 00:03:27]} 13. Bxe3 {[%clk 01:17:58]} {[%emt 00:00:46]} fxe3
{[%clk 01:09:01]} {[%emt 00:00:07]} 14. Bxh7+ {[%clk 01:17:53]} {[%emt
00:00:35]} Kf8 {[%clk 01:08:03]} {[%emt 00:01:26]} 15. h4 {[%clk 01:12:35]}
{[%emt 00:05:51]} Nf6 {[%clk 01:07:11]} {[%emt 00:01:20]} 16. Ng5 {[%clk
01:10:31]} {[%emt 00:02:36]} Re7 {[%clk 01:05:41]} {[%emt 00:01:52]} 17. Bg6
{[%clk 01:05:46]} {[%emt 00:05:21]} Qe8 {[%clk 01:01:05]} {[%emt 00:05:01]} 18.
Nh7+ {[%clk 00:56:39]} {[%emt 00:09:43]} Nxh7 {[%clk 01:00:13]} {[%emt
00:01:21]} 19. Bxh7 {[%clk 00:56:15]} {[%emt 00:00:54]} e2 {[%clk 00:59:23]}
{[%emt 00:01:19]} 20. Rfe1 {[%clk 00:52:37]} {[%emt 00:04:10]} Bg3 {[%clk
00:59:10]} {[%emt 00:00:41]} 21. Bd3 {[%clk 00:52:41]} {[%emt 00:00:29]} Bxe1
{[%clk 00:58:45]} {[%emt 00:00:54]} 22. Rxe1 {[%clk 00:52:56]} {[%emt
00:00:15]} Qd7 {[%clk 00:57:42]} {[%emt 00:01:25]} 23. Rxe2 {[%clk 00:52:07]}
{[%emt 00:01:27]} Rxe2 {[%clk 00:57:25]} {[%emt 00:00:46]} 24. Bxe2 {[%clk
00:51:32]} {[%emt 00:01:05]} Re8 {[%clk 00:57:39]} {[%emt 00:00:15]} 25. Nc1
{[%clk 00:50:35]} {[%emt 00:01:29]} Qe7 {[%clk 00:56:18]} {[%emt 00:01:42]} 26.
g3 {[%clk 00:43:20]} {[%emt 00:07:55]} Qe3+ {[%clk 00:54:37]} {[%emt 00:02:05]}
27. Kg2 {[%clk 00:42:55]} {[%emt 00:01:01]} Qxd4 {[%clk 00:53:51]} {[%emt
00:01:11]} 28. b3 {[%clk 00:42:10]} {[%emt 00:01:19]} Kg8 {[%clk 00:51:04]}
{[%emt 00:03:13]} 29. Qd3 {[%clk 00:40:29]} {[%emt 00:02:15]} Qc5 {[%clk
00:49:11]} {[%emt 00:02:12]} 30. Qf3 {[%clk 00:39:18]} {[%emt 00:01:49]} Bb7
{[%clk 00:48:36]} {[%emt 00:00:59]} 31. Qf2 {[%clk 00:37:19]} {[%emt 00:02:36]}
Qa3 {[%clk 00:45:28]} {[%emt 00:03:31]} 32. Qe1 {[%clk 00:36:29]} {[%emt
00:01:26]} c6 {[%clk 00:44:22]} {[%emt 00:01:27]} 33. dxc6 {[%clk 00:36:10]}
{[%emt 00:00:58]} Bxc6+ {[%clk 00:44:45]} {[%emt 00:00:07]} 34. Kf2 {[%clk
00:36:12]} {[%emt 00:00:29]} Qc5+ {[%clk 00:42:39]} {[%emt 00:02:26]} 35. Kf1
{[%clk 00:36:20]} {[%emt 00:00:32]} b5 {[%clk 00:42:44]} {[%emt 00:00:20]} 36.
cxb5 {[%clk 00:35:30]} {[%emt 00:01:26]} Bxb5 {[%clk 00:43:12]} {[%emt
00:00:02]} 37. Qd1 {[%clk 00:32:52]} {[%emt 00:03:07]} Bxe2+ {[%clk 00:41:31]}
{[%emt 00:02:11]} 38. Nxe2 {[%clk 00:32:53]} {[%emt 00:00:29]} Qf5+ {[%clk
00:39:57]} {[%emt 00:01:58]} 39. Nf4 {[%clk 00:32:20]} {[%emt 00:01:08]} f6
{[%clk 00:39:16]} {[%emt 00:01:03]} 40. Qd5+ {[%clk 00:31:45]} {[%emt
00:01:13]} Qxd5 {[%clk 00:39:41]} {[%emt 00:00:05]} 41. Nxd5 {[%clk 00:32:06]}
{[%emt 00:00:09]} Re5 {[%clk 00:39:37]} {[%emt 00:00:28]} 42. Nb4 {[%clk
00:31:57]} {[%emt 00:00:46]} Rb5 {[%clk 00:38:53]} {[%emt 00:01:07]} 43. a3
{[%clk 00:31:09]} {[%emt 00:01:25]} a5 {[%clk 00:38:58]} {[%emt 00:00:19]} 44.
Nc6 {[%clk 00:30:21]} {[%emt 00:01:24]} Rxb3 {[%clk 00:39:06]} {[%emt
00:00:19]} 45. a4 {[%clk 00:29:34]} {[%emt 00:01:20]} Rxg3 {[%clk 00:38:56]}
{[%emt 00:00:38]} 46. Nxa5 {[%clk 00:29:56]} {[%emt 00:00:10]} Ra3 {[%clk
00:39:14]} {[%emt 00:00:10]} 47. Nc6 {[%clk 00:29:32]} {[%emt 00:00:56]} Rxa4
{[%clk 00:39:33]} {[%emt 00:00:10]} 48. Ne7+ {[%clk 00:29:29]} {[%emt
00:00:34]} Kf7 {[%clk 00:39:50]} {[%emt 00:00:12]} 49. Nf5 {[%clk 00:29:32]}
{[%emt 00:00:29]} g6 {[%clk 00:39:34]} {[%emt 00:00:42]} 50. Ne3 {[%clk
00:29:29]} {[%emt 00:00:37]} Rxh4 {[%clk 00:39:57]} {[%emt 00:00:07]} 51. Kf2
{[%clk 00:29:23]} {[%emt 00:00:37]} Rh3 {[%clk 00:40:09]} {[%emt 00:00:11]} 52.
Nd5 {[%clk 00:29:48]} {[%emt 00:00:12]} g5 {[%clk 00:40:05]} {[%emt 00:00:29]}
53. Ke2 {[%clk 00:30:09]} {[%emt 00:00:15]} f5 {[%clk 00:40:01]} {[%emt
00:00:29]} 54. Kf2 {[%clk 00:30:05]} {[%emt 00:00:38]} Ke6 {[%clk 00:40:02]}
{[%emt 00:00:23]} 55. Nb4 {[%clk 00:30:32]} {[%emt 00:00:08]} g4 {[%clk
00:39:58]} {[%emt 00:00:27]} 56. Kg2 {[%clk 00:31:01]} {[%emt 00:00:10]} f4
{[%clk 00:39:17]} {[%emt 00:01:03]} 57. Nc6 {[%clk 00:31:19]} {[%emt 00:00:19]}
Kd5 {[%clk 00:38:56]} {[%emt 00:00:40]} 58. Nb4+ {[%clk 00:31:44]} {[%emt
00:00:15]} Kd4 {[%clk 00:39:06]} {[%emt 00:00:11]} 59. Nc6+ {[%clk 00:32:03]}
{[%emt 00:00:20]} Ke3 {[%clk 00:39:10]} {[%emt 00:00:13]} 60. Ne5 {[%clk
00:32:17]} {[%emt 00:00:29]} f3+ {[%clk 00:38:50]} {[%emt 00:00:48]} 61. Kg1
{[%clk 00:32:29]} {[%emt 00:00:19]} f2+ {[%clk 00:38:29]} {[%emt 00:01:41]} 62.
Kg2 {[%clk 00:32:44]} {[%emt 00:00:34]} Ke2 {[%clk 00:38:34]} {[%emt 00:00:14]}
63. Nxg4 {[%clk 00:32:41]} {[%emt 00:00:45]} f1=Q {[%clk 00:38:47]} {[%emt
00:00:15]} 0-1

[Event "DVM U12 2024"]
[Site "Heidelberg GER"]
[Date "2024.12.30"]
[Round "7"]
[White "Beier, Martin"]
[Black "Vartanian, Roman"]
[Result "1/2-1/2"]
[Termination "normal"]
[Board "7.1"]
[WhiteElo "1705"]
[BlackElo "1853"]
[WhiteClock "00:28:12"]
[BlackClock "00:09:50"]
[WhiteTeam "SK Bad Homburg 1927"]
[BlackTeam "Düsseldorfer SK 14/25"]
[PlyCount "58"]
[WhiteFideId "34631879"]
[BlackFideId "34140107"]
[EventCountry "GER"]
[EventRounds "7"]
[EventType "team-swiss"]
[EventDate "2024.12.26"]

1. e4 {[%clk 01:30:58]} {[%emt 00:00:01]} e6 {[%clk 01:30:51]} {[%emt
00:00:10]} 2. d4 {[%clk 01:31:21]} {[%emt 00:00:06]} d5 {[%clk 01:31:16]}
{[%emt 00:00:06]} 3. exd5 {[%clk 01:31:44]} {[%emt 00:00:07]} exd5 {[%clk
01:31:40]} {[%emt 00:00:06]} 4. Bd3 {[%clk 01:32:07]} {[%emt 00:00:07]} Nc6
{[%clk 01:31:37]} {[%emt 00:00:34]} 5. Nf3 {[%clk 01:32:16]} {[%emt 00:00:20]}
Bd6 {[%clk 01:31:53]} {[%emt 00:00:13]} 6. c3 {[%clk 01:32:24]} {[%emt
00:00:23]} Nge7 {[%clk 01:32:10]} {[%emt 00:00:13]} 7. Be3 {[%emt 00:00:54]}
Bg4 {[%clk 01:32:20]} {[%emt 00:00:18]} 8. Nbd2 {[%clk 01:32:12]} {[%emt
00:00:19]} Qd7 {[%clk 01:31:35]} {[%emt 00:01:15]} 9. Qc2 {[%clk 01:32:14]}
{[%emt 00:00:27]} O-O-O {[%clk 01:27:00]} {[%emt 00:05:07]} 10. O-O-O {[%clk
01:32:07]} {[%emt 00:00:37]} Kb8 {[%clk 01:26:27]} {[%emt 00:01:03]} 11. Kb1
{[%clk 01:31:44]} {[%emt 00:00:53]} f6 {[%clk 01:22:05]} {[%emt 00:04:52]} 12.
Rde1 {[%clk 01:28:57]} {[%emt 00:03:16]} Bf5 {[%clk 01:14:21]} {[%emt
00:08:14]} 13. h3 {[%clk 01:24:06]} {[%emt 00:05:21]} a6 {[%clk 01:05:43]}
{[%emt 00:09:09]} 14. g4 {[%emt 00:13:02]} Bxd3 {[%clk 01:04:56]} {[%emt
00:01:16]} 15. Qxd3 {[%clk 01:11:50]} {[%emt 00:00:14]} f5 {[%clk 00:49:10]}
{[%emt 00:16:17]} 16. Bg5 {[%clk 01:04:14]} {[%emt 00:08:06]} Rde8 {[%clk
00:37:55]} {[%emt 00:11:45]} 17. Bxe7 {[%clk 00:59:20]} {[%emt 00:05:24]} Nxe7
{[%clk 00:36:55]} {[%emt 00:01:31]} 18. Rhg1 {[%emt 00:07:39]} fxg4 {[%clk
00:32:28]} {[%emt 00:04:55]} 19. hxg4 {[%clk 00:51:21]} {[%emt 00:01:20]} g6
{[%clk 00:25:20]} {[%emt 00:07:39]} 20. Ne5 {[%clk 00:50:28]} {[%emt 00:01:22]}
Bxe5 {[%clk 00:21:15]} {[%emt 00:04:35]} 21. Rxe5 {[%clk 00:48:15]} {[%emt
00:02:43]} Nc6 {[%clk 00:20:19]} {[%emt 00:01:26]} 22. Rxe8+ {[%clk 00:48:12]}
{[%emt 00:00:33]} Rxe8 {[%clk 00:20:25]} {[%emt 00:00:24]} 23. Nb3 {[%clk
00:45:52]} {[%emt 00:02:50]} Qf7 {[%clk 00:17:13]} {[%emt 00:03:42]} 24. Rf1
{[%clk 00:39:11]} {[%emt 00:07:09]} Qf4 {[%clk 00:15:54]} {[%emt 00:01:51]} 25.
Qh3 {[%clk 00:35:53]} {[%emt 00:03:48]} Re7 {[%clk 00:13:11]} {[%emt 00:03:13]}
26. a3 {[%clk 00:32:04]} {[%emt 00:04:20]} Ka7 {[%clk 00:11:56]} {[%emt
00:01:44]} 27. Ka2 {[%clk 00:30:37]} {[%emt 00:01:57]} b6 {[%clk 00:11:01]}
{[%emt 00:01:25]} 28. Nc1 {[%clk 00:29:24]} {[%emt 00:01:42]} Rf7 {[%clk
00:09:50]} {[%emt 00:01:41]} 29. Nd3 {[%clk 00:28:12]} {[%emt 00:01:43]} Qf3
{[%emt 00:02:18]} 1/2-1/2

[Event "DVM U12 2024"]
[Site "Heidelberg GER"]
[Date "2024.12.30"]
[Round "7"]
[White "Botvinnik, Julius"]
[Black "Pflugbeil, Julian"]
[Result "0-1"]
[Termination "normal"]
[Board "7.2"]
[WhiteElo "1700"]
[BlackElo "1586"]
[WhiteClock "01:23:14"]
[BlackClock "01:46:06"]
[WhiteTeam "Düsseldorfer SK 14/25"]
[BlackTeam "SK Bad Homburg 1927"]
[PlyCount "114"]
[WhiteFideId "34612149"]
[BlackFideId "34608850"]
[EventCountry "GER"]
[EventRounds "7"]
[EventType "team-swiss"]
[EventDate "2024.12.26"]

1. d4 {[%clk 01:30:53]} {[%emt 00:00:06]} d5 {[%clk 01:30:53]} {[%emt
00:00:08]} 2. c4 {[%clk 01:31:16]} {[%emt 00:00:06]} e6 {[%clk 01:31:20]}
{[%emt 00:00:04]} 3. Nc3 {[%clk 01:31:30]} {[%emt 00:00:16]} Nf6 {[%clk
01:31:37]} {[%emt 00:00:13]} 4. Bg5 {[%clk 01:31:06]} {[%emt 00:00:53]} Nbd7
{[%clk 01:32:03]} {[%emt 00:00:05]} 5. cxd5 {[%clk 01:30:53]} {[%emt 00:00:43]}
exd5 {[%clk 01:32:28]} {[%emt 00:00:05]} 6. e3 {[%clk 01:31:17]} {[%emt
00:00:06]} Bb4 {[%clk 01:32:44]} {[%emt 00:00:14]} 7. Bd3 {[%clk 01:30:31]}
{[%emt 00:01:17]} O-O {[%clk 01:32:57]} {[%emt 00:00:16]} 8. Nf3 {[%clk
01:29:47]} {[%emt 00:01:13]} c5 {[%clk 01:32:22]} {[%emt 00:01:07]} 9. O-O
{[%clk 01:29:00]} {[%emt 00:01:17]} Bxc3 {[%clk 01:32:04]} {[%emt 00:00:48]}
10. bxc3 {[%clk 01:29:18]} {[%emt 00:00:12]} c4 {[%clk 01:32:24]} {[%emt
00:00:10]} 11. Bc2 {[%clk 01:28:28]} {[%emt 00:01:19]} Qa5 {[%clk 01:32:49]}
{[%emt 00:00:04]} 12. Qd2 {[%clk 01:28:17]} {[%emt 00:00:42]} Ne4 {[%clk
01:33:14]} {[%emt 00:00:05]} 13. Bxe4 {[%clk 01:27:56]} {[%emt 00:00:52]} dxe4
{[%clk 01:33:39]} {[%emt 00:00:05]} 14. Be7 {[%clk 01:27:53]} {[%emt 00:00:32]}
exf3 {[%clk 01:33:58]} {[%emt 00:00:11]} 15. Bxf8 {[%clk 01:28:03]} {[%emt
00:00:20]} Qg5 {[%clk 01:34:08]} {[%emt 00:00:18]} 16. g3 {[%clk 01:28:00]}
{[%emt 00:00:35]} Qg4 {[%clk 01:34:30]} {[%emt 00:00:08]} 17. Kh1 {[%clk
01:28:17]} {[%emt 00:00:13]} Nxf8 {[%clk 01:34:51]} {[%emt 00:00:09]} 18. Rae1
{[%clk 01:27:46]} {[%emt 00:01:01]} Bf5 {[%clk 01:34:54]} {[%emt 00:00:27]} 19.
Qb2 {[%clk 01:24:58]} {[%emt 00:03:19]} Be4 {[%clk 01:35:19]} {[%emt 00:00:05]}
20. Qb5 {[%clk 01:23:56]} {[%emt 00:01:31]} Ne6 {[%clk 01:35:25]} {[%emt
00:00:22]} 21. Qxc4 {[%clk 01:22:50]} {[%emt 00:01:38]} Qh3 {[%clk 01:35:48]}
{[%emt 00:00:07]} 22. Rg1 {[%clk 01:22:50]} {[%emt 00:00:30]} Ng5 {[%clk
01:36:16]} {[%emt 00:00:03]} 23. Qf1 {[%clk 01:20:43]} {[%emt 00:02:36]} Qg2+
{[%clk 01:36:06]} {[%emt 00:00:40]} 24. Rxg2 {[%clk 01:20:10]} {[%emt
00:01:02]} fxg2+ {[%clk 01:36:33]} {[%emt 00:00:04]} 25. Qxg2 {[%clk 01:20:30]}
{[%emt 00:00:10]} Bxg2+ {[%emt 00:00:06]} 26. Kxg2 {[%clk 01:20:48]} {[%emt
00:00:10]} Rc8 {[%clk 01:37:21]} {[%emt 00:00:08]} 27. Rc1 {[%clk 01:21:04]}
{[%emt 00:00:14]} b5 {[%clk 01:37:35]} {[%emt 00:00:17]} 28. f3 {[%clk
01:20:26]} {[%emt 00:01:08]} Kf8 {[%clk 01:37:33]} {[%emt 00:00:31]} 29. e4
{[%clk 01:20:25]} {[%emt 00:00:32]} Ne6 {[%clk 01:37:51]} {[%emt 00:00:12]} 30.
d5 {[%clk 01:20:15]} {[%emt 00:00:40]} Nc5 {[%clk 01:38:18]} {[%emt 00:00:04]}
31. Kf1 {[%clk 01:19:43]} {[%emt 00:01:01]} Na4 {[%clk 01:38:39]} {[%emt
00:00:10]} 32. Ke2 {[%clk 01:18:43]} {[%emt 00:01:29]} Rxc3 {[%clk 01:37:24]}
{[%emt 00:01:45]} 33. Rxc3 {[%clk 01:19:06]} {[%emt 00:00:07]} Nxc3+ {[%clk
01:37:46]} {[%emt 00:00:08]} 34. Kd3 {[%clk 01:19:13]} {[%emt 00:00:23]} Nxa2
{[%clk 01:38:13]} {[%emt 00:00:04]} 35. Kc2 {[%clk 01:19:33]} {[%emt 00:00:09]}
a5 {[%clk 01:38:35]} {[%emt 00:00:09]} 36. h4 {[%clk 01:19:33]} {[%emt
00:00:29]} a4 {[%clk 01:38:56]} {[%emt 00:00:10]} 37. h5 {[%clk 01:19:41]}
{[%emt 00:00:21]} b4 {[%clk 01:39:12]} {[%emt 00:00:15]} 38. g4 {[%clk
01:19:48]} {[%emt 00:00:23]} a3 {[%clk 01:39:25]} {[%emt 00:00:16]} 39. g5
{[%clk 01:19:31]} {[%emt 00:00:46]} g6 {[%clk 01:39:43]} {[%emt 00:00:14]} 40.
hxg6 {[%clk 01:19:41]} {[%emt 00:00:20]} hxg6 {[%clk 01:40:03]} {[%emt
00:00:10]} 41. Kb3 {[%clk 01:19:33]} {[%emt 00:00:37]} Nc3 {[%clk 01:40:25]}
{[%emt 00:00:09]} 42. d6 {[%clk 01:19:14]} {[%emt 00:00:48]} Ke8 {[%clk
01:40:47]} {[%emt 00:00:07]} 43. e5 {[%clk 01:19:29]} {[%emt 00:00:16]} Kd7
{[%clk 01:41:15]} {[%emt 00:00:03]} 44. f4 {[%clk 01:19:38]} {[%emt 00:00:20]}
Nb5 {[%clk 01:41:40]} {[%emt 00:00:05]} 45. Ka2 {[%clk 01:19:23]} {[%emt
00:00:45]} Nxd6 {[%clk 01:42:06]} {[%emt 00:00:04]} 46. exd6 {[%emt 00:00:13]}
Kxd6 {[%clk 01:42:33]} {[%emt 00:00:01]} 47. f5 {[%clk 01:19:53]} {[%emt
00:00:19]} gxf5 {[%clk 01:42:59]} {[%emt 00:00:04]} 48. g6 {[%clk 01:20:18]}
{[%emt 00:00:05]} fxg6 {[%clk 01:43:26]} {[%emt 00:00:04]} 49. Kb3 {[%clk
01:20:45]} {[%emt 00:00:03]} Kc5 {[%clk 01:43:52]} {[%emt 00:00:03]} 50. Ka2
{[%clk 01:20:44]} {[%emt 00:00:31]} Kc4 {[%clk 01:44:18]} {[%emt 00:00:05]} 51.
Ka1 {[%clk 01:21:06]} {[%emt 00:00:07]} f4 {[%clk 01:44:39]} {[%emt 00:00:09]}
52. Ka2 {[%clk 01:21:24]} {[%emt 00:00:13]} Kc3 {[%clk 01:45:04]} {[%emt
00:00:05]} 53. Ka1 {[%clk 01:21:43]} {[%emt 00:00:09]} f3 {[%clk 01:45:33]}
{[%emt 00:00:03]} 54. Kb1 {[%clk 01:22:03]} {[%emt 00:00:11]} f2 {[%clk
01:45:57]} {[%emt 00:00:06]} 55. Ka2 {[%clk 01:22:28]} {[%emt 00:00:05]} Kc4
{[%clk 01:45:40]} {[%emt 00:00:46]} 56. Kb1 {[%clk 01:22:51]} {[%emt 00:00:07]}
b3 {[%clk 01:46:06]} {[%emt 00:00:04]} 57. Kc1 {[%clk 01:23:14]} {[%emt
00:00:06]} Kd3 {[%emt 00:00:23]} 0-1

[Event "DVM U12 2024"]
[Site "Heidelberg GER"]
[Date "2024.12.30"]
[Round "7"]
[White "Kurakin, Martin"]
[Black "Capurro, Mateo"]
[Result "1-0"]
[Termination "normal"]
[Board "7.4"]
[WhiteElo "1389"]
[BlackElo "956"]
[WhiteClock "00:39:40"]
[BlackClock "00:16:18"]
[WhiteTeam "Düsseldorfer SK 14/25"]
[BlackTeam "SK Bad Homburg 1927"]
[PlyCount "99"]
[WhiteFideId "4519949"]
[EventCountry "GER"]
[EventRounds "7"]
[EventType "team-swiss"]
[EventDate "2024.12.26"]

1. e4 {[%clk 01:30:58]} {[%emt 00:00:01]} e5 {[%clk 01:30:57]} {[%emt
00:00:04]} 2. Nf3 {[%clk 01:30:32]} {[%emt 00:00:56]} Nc6 {[%clk 01:31:14]}
{[%emt 00:00:13]} 3. d4 {[%clk 01:30:01]} {[%emt 00:01:02]} exd4 {[%clk
01:29:31]} {[%emt 00:02:13]} 4. Nxd4 {[%clk 01:29:15]} {[%emt 00:01:15]} Nxd4
{[%clk 01:29:47]} {[%emt 00:00:14]} 5. Qxd4 {[%emt 00:01:42]} d6 {[%clk
01:29:56]} 6. Nc3 {[%clk 01:28:19]} {[%emt 00:00:35]} Nf6 {[%clk 01:30:02]}
{[%emt 00:00:23]} 7. Bg5 {[%clk 01:26:55]} {[%emt 00:01:54]} Be7 {[%clk
01:30:06]} {[%emt 00:00:27]} 8. O-O-O {[%clk 01:25:37]} {[%emt 00:01:48]} O-O
{[%clk 01:30:24]} {[%emt 00:00:12]} 9. f4 {[%clk 01:22:16]} {[%emt 00:03:51]}
Nd7 {[%clk 01:27:32]} {[%emt 00:03:22]} 10. Bxe7 {[%clk 01:22:33]} {[%emt
00:00:13]} Qxe7 {[%clk 01:27:52]} {[%emt 00:00:11]} 11. h4 {[%clk 01:22:36]}
{[%emt 00:00:26]} Nb6 {[%clk 01:27:40]} {[%emt 00:00:43]} 12. f5 {[%clk
01:22:46]} {[%emt 00:00:20]} Qe5 {[%clk 01:26:41]} {[%emt 00:01:28]} 13. Qe3
{[%clk 01:17:51]} {[%emt 00:05:25]} a6 {[%clk 01:25:04]} {[%emt 00:02:07]} 14.
g4 {[%clk 01:14:47]} {[%emt 00:03:34]} h6 {[%clk 01:22:38]} {[%emt 00:02:56]}
15. g5 {[%clk 01:14:55]} {[%emt 00:00:20]} hxg5 {[%clk 01:22:29]} {[%emt
00:00:35]} 16. hxg5 {[%clk 01:15:20]} {[%emt 00:00:09]} Bxf5 {[%clk 01:22:03]}
{[%emt 00:00:57]} 17. Qf3 {[%clk 01:11:10]} {[%emt 00:04:40]} Bg6 {[%clk
01:21:08]} {[%emt 00:01:24]} 18. Qh3 {[%clk 01:10:03]} {[%emt 00:01:38]} f6
{[%clk 01:19:33]} {[%emt 00:02:05]} 19. Nd5 {[%clk 00:58:01]} {[%emt 00:12:33]}
Nxd5 {[%clk 01:19:33]} {[%emt 00:00:30]} 20. Rxd5 {[%clk 00:58:21]} {[%emt
00:00:09]} Qf4+ {[%clk 01:19:58]} {[%emt 00:00:06]} 21. Rd2 {[%clk 00:57:28]}
{[%emt 00:01:23]} b5 {[%clk 01:18:40]} {[%emt 00:01:48]} 22. a4 {[%clk
00:56:03]} {[%emt 00:01:55]} Bxe4 {[%clk 01:09:14]} {[%emt 00:09:55]} 23. g6
{[%clk 00:54:07]} {[%emt 00:02:27]} Bxg6 {[%clk 01:01:57]} {[%emt 00:07:47]}
24. Qe6+ {[%clk 00:48:15]} {[%emt 00:06:22]} Bf7 {[%clk 00:57:51]} {[%emt
00:04:36]} 25. Qh3 {[%clk 00:48:33]} {[%emt 00:00:11]} Qh6 {[%clk 00:57:00]}
{[%emt 00:01:21]} 26. Qf3 {[%clk 00:47:45]} {[%emt 00:01:18]} Qg5 {[%clk
00:56:33]} {[%emt 00:00:57]} 27. Bd3 {[%clk 00:45:53]} {[%emt 00:02:23]} Bg6
{[%clk 00:48:40]} {[%emt 00:08:24]} 28. Bxg6 {[%clk 00:45:04]} {[%emt
00:01:19]} Qxg6 {[%clk 00:48:14]} {[%emt 00:00:55]} 29. Qd5+ {[%clk 00:44:11]}
{[%emt 00:01:23]} Qf7 {[%clk 00:47:47]} {[%emt 00:00:57]} 30. Qc6 {[%clk
00:43:24]} {[%emt 00:01:18]} Qa2 {[%clk 00:45:07]} {[%emt 00:03:09]} 31. Rdh2
{[%clk 00:42:06]} {[%emt 00:01:49]} Rae8 {[%clk 00:35:17]} {[%emt 00:10:19]}
32. Qd7 {[%clk 00:41:37]} {[%emt 00:01:00]} Re1+ {[%clk 00:30:05]} {[%emt
00:05:41]} 33. Rxe1 {[%clk 00:41:57]} {[%emt 00:00:09]} Qa1+ {[%clk 00:28:39]}
{[%emt 00:01:57]} 34. Kd2 {[%clk 00:42:14]} {[%emt 00:00:13]} Qxb2 {[%clk
00:28:46]} {[%emt 00:00:23]} 35. Re8 {[%clk 00:41:30]} {[%emt 00:01:14]} Qd4+
{[%clk 00:28:24]} {[%emt 00:00:51]} 36. Ke2 {[%clk 00:41:17]} {[%emt 00:00:44]}
Qc4+ {[%clk 00:28:27]} {[%emt 00:00:27]} 37. Kf3 {[%clk 00:41:14]} {[%emt
00:00:30]} Qd5+ {[%clk 00:27:14]} {[%emt 00:01:44]} 38. Re4 {[%clk 00:41:36]}
{[%emt 00:00:10]} Qd1+ {[%clk 00:26:14]} {[%emt 00:01:29]} 39. Rhe2 {[%clk
00:41:06]} {[%emt 00:01:01]} Qf1+ {[%clk 00:25:54]} {[%emt 00:00:47]} 40. Rf2
{[%clk 00:41:28]} {[%emt 00:00:11]} Qh1+ {[%clk 00:26:11]} {[%emt 00:00:11]}
41. Rg2 {[%clk 00:40:43]} {[%emt 00:01:16]} Qd1+ {[%clk 00:24:52]} {[%emt
00:01:49]} 42. Ree2 {[%clk 00:40:26]} {[%emt 00:00:47]} Qd5+ {[%clk 00:24:22]}
{[%emt 00:00:52]} 43. Kg3 {[%clk 00:39:11]} {[%emt 00:01:52]} Qg5+ {[%clk
00:19:24]} {[%emt 00:05:28]} 44. Qg4 {[%clk 00:39:23]} {[%emt 00:00:18]} Qxg4+
{[%clk 00:19:24]} {[%emt 00:00:31]} 45. Kxg4 {[%clk 00:39:33]} {[%emt
00:00:21]} f5+ {[%clk 00:19:16]} {[%emt 00:00:38]} 46. Kg5 {[%clk 00:39:45]}
{[%emt 00:00:17]} bxa4 {[%clk 00:19:10]} {[%emt 00:00:37]} 47. c4 {[%clk
00:39:28]} {[%emt 00:00:47]} f4 {[%clk 00:19:15]} {[%emt 00:00:25]} 48. Rgf2
{[%clk 00:39:04]} {[%emt 00:00:54]} a3 {[%clk 00:18:10]} {[%emt 00:01:35]} 49.
Ra2 {[%clk 00:39:28]} {[%emt 00:00:06]} f3 {[%clk 00:16:18]} {[%emt 00:02:22]}
50. Rxa3 {[%clk 00:39:40]} {[%emt 00:00:17]} 1-0